00330nam a2200145Ia 4500003000900000008004100009040001300050040001300063100001800076245005500094250001100149260001000160300000800170490000600178IT-RoPAU120407s9999 xx 000 0 und d aIT-RoPAU cIT-RoPAU aJean Lafrance aLa conoscenza di Cristo nella preghiera quotidiana aMilano aO. R. c cm v1